00822nam a2200217 a 45000010005000000030009000050050017000140080041000310200015000720400043000870820025001302450079001552600060002343000048002945040051003426500049003936500051004426500050004937000018005437100043005616941BD-DhUAP20200127100450.0200126s2003 bg a b 001 0 eng d a9843209494 aDLCcBD-DhUAPdBD-DhUAPdBD-DhAALbEng00223a305.26095492 ELD04aThe elderly :bcontemporary issues /cedited by M. A. Sattar ... [et al.]. aDhaka :bBangladesh Association of Gerontology,cc2003. axxxiv, 244 pages :billustrations ;c22 cm. aIncludes bibliographical references and index. 0aOlder peoplezBangladeshxSocial conditions. 0aOlder peoplezBangladeshxEconomic conditions. 0aOlder peoplexHealth and hygienezBangladesh.1 aSattar, M. A.2 aBangladesh Association of Gerontology.